|
|
|
|
| LEADER |
02911nam a2200481 4500 |
| 001 |
978-3-030-00707-2 |
| 003 |
DE-He213 |
| 005 |
20190620131213.0 |
| 007 |
cr nn 008mamaa |
| 008 |
190404s2019 gw | s |||| 0|eng d |
| 020 |
|
|
|a 9783030007072
|9 978-3-030-00707-2
|
| 024 |
7 |
|
|a 10.1007/978-3-030-00707-2
|2 doi
|
| 040 |
|
|
|d GrThAP
|
| 050 |
|
4 |
|a RA645.5-645.9
|
| 072 |
|
7 |
|a MMK
|2 bicssc
|
| 072 |
|
7 |
|a MED026000
|2 bisacsh
|
| 072 |
|
7 |
|a MKP
|2 thema
|
| 082 |
0 |
4 |
|a 616.025
|2 23
|
| 245 |
1 |
0 |
|a Emergency Orthopedics Handbook
|h [electronic resource] /
|c edited by Daniel Purcell, Sneha A. Chinai, Brandon R. Allen, Moira Davenport.
|
| 250 |
|
|
|a 1st ed. 2019.
|
| 264 |
|
1 |
|a Cham :
|b Springer International Publishing :
|b Imprint: Springer,
|c 2019.
|
| 300 |
|
|
|a XIV, 331 p. 267 illus., 225 illus. in color.
|b online resource.
|
| 336 |
|
|
|a text
|b txt
|2 rdacontent
|
| 337 |
|
|
|a computer
|b c
|2 rdamedia
|
| 338 |
|
|
|a online resource
|b cr
|2 rdacarrier
|
| 347 |
|
|
|a text file
|b PDF
|2 rda
|
| 505 |
0 |
|
|a Chapter 1. Key Motor and Sensory Exam -- Chapter 2. Anesthesia -- Chapter 3. Acute Compartment Syndrome -- Chapter 4. Joint Arthrocentesis -- Chapter 5. Dislocation(s)/Reduction(s) -- Chapter 6. Immobilization -- Chapter 7. Distal Radius -- Chapter 8. Wrist -- Chapter 9. The Hand.
|
| 520 |
|
|
|a This handbook provides a comprehensive, yet succinct guide to the evaluation, diagnosis, and treatment of various musculoskeletal/extremity disorders in the emergency department. It covers a wide variety of common patient presentations, advanced imaging interpretation, proper anesthetic implementation, and associated extremity reduction/immobilization techniques. Richly illustrated, it assists clinical decision making with high-yield facts, essential figures, and step-by-step procedural instruction. Emergency Orthopedics Handbook is an indispensable resource for all medical professionals that manage emergent orthopedic, musculoskeletal, and local extremity injury care.
|
| 650 |
|
0 |
|a Emergency medicine.
|
| 650 |
|
0 |
|a Orthopedics.
|
| 650 |
1 |
4 |
|a Emergency Medicine.
|0 http://scigraph.springernature.com/things/product-market-codes/H22000
|
| 650 |
2 |
4 |
|a Orthopedics.
|0 http://scigraph.springernature.com/things/product-market-codes/H45000
|
| 700 |
1 |
|
|a Purcell, Daniel.
|e editor.
|4 edt
|4 http://id.loc.gov/vocabulary/relators/edt
|
| 700 |
1 |
|
|a Chinai, Sneha A.
|e editor.
|4 edt
|4 http://id.loc.gov/vocabulary/relators/edt
|
| 700 |
1 |
|
|a Allen, Brandon R.
|e editor.
|4 edt
|4 http://id.loc.gov/vocabulary/relators/edt
|
| 700 |
1 |
|
|a Davenport, Moira.
|e editor.
|4 edt
|4 http://id.loc.gov/vocabulary/relators/edt
|
| 710 |
2 |
|
|a SpringerLink (Online service)
|
| 773 |
0 |
|
|t Springer eBooks
|
| 776 |
0 |
8 |
|i Printed edition:
|z 9783030007065
|
| 776 |
0 |
8 |
|i Printed edition:
|z 9783030007089
|
| 856 |
4 |
0 |
|u https://doi.org/10.1007/978-3-030-00707-2
|z Full Text via HEAL-Link
|
| 912 |
|
|
|a ZDB-2-SME
|
| 950 |
|
|
|a Medicine (Springer-11650)
|